Japanese lifestyles.

Bibliographic Details
Format: Book
Published: Tokyo: JETRO, 1999.
Subjects:
LEADER 00499cam a2200169 7i4500
001 0000008516
005 20001206090000.0
090 0 0 |a JAPN 395.2   |b JAP 
245 0 0 |a Japanese lifestyles. 
260 0 0 |a Tokyo:   |b JETRO,   |c 1999. 
300 # # |a 96 p. 
650 0 0 |a Lifestyles --   |z Japan  
650 0 0 |a Clothing --   |x Lifestyles --   |z Japan  
650 0 0 |a Food --   |x Lifestyles --   |z Japan  
650 0 0 |a Housing --   |x Lifestyles --   |z Japan  
651 0 0 |a Japan  
999 |a 0000011516  |b Book  |c Countries  |e Business Information Centre